| 000 | 00429nam a2200145Ia 4500 | ||
|---|---|---|---|
| 082 |
_a303.625092 _bRAJ _cN01-P-23 |
||
| 100 |
_aRaja Anwar _937570 |
||
| 245 |
_aThe Terrorist prince _bthe life and death of Murtaza Bhutto |
||
| 260 |
_aLahore _bVanguard Books _c1998 |
||
| 300 | _axi- 235p | ||
| 526 |
_a0 _b0 _c0 _d303_625092000000000_RAJ |
||
| 650 |
_aMurtaza Bhutto -- biography _937571 |
||
| 650 |
_aNUST _96342 |
||
| 942 |
_2ddc _cBK |
||
| 999 |
_c542414 _d542414 |
||